000
00290nam a22001217a 4500
008
180131b xxu||||| |||| 00| 0 eng d
041
_a
eng
080
_2
7 ED
_a
311
100
_a
55
101
_a
STA
245
_a
STATISTICAL METHODS SNEDECOR AND COCHRAN
_c
GEORGE.W.S
942
_2
udc
_c
BK
999
_c
41414
_d
41414